• 首页
  • 本馆介绍
  • 公告通知
  • 最新文献
  • 馆藏检索
  • 电子资源
  • 读者导购
  • 参考咨询
  • 我的图书馆
  • 登录
  • 详细信息显示
  • 放入我的书架
  • 预约/预借图书
  • 作者相关作品
  • 分类相关作品
  • 丛书相关作品
  • 出版社相关作品

书目信息

  • 表格格式
  • 工作单格式
  • 卡片格式
题名:
商务印书馆九十年
    
 
作者: 蔡元培 , 蒋维乔 , 庄俞 著
分册:  
出版信息: 北京   商务印书馆  1987
页数: 639页
开本: 20cm
丛书名:
单 册:
中图分类: G239.22
科图分类:
主题词: 出版社--文集--中国
电子资源:
ISBN:
000 00846nam0 2200289 45
001 0187002372
005 20040427155631.0
010    @dCNY4.15
091    @a7017.2
100    @a19900808d1987 mk y0chiy0121 ea
101 0  @achi
102    @aCN@b110000
105    @ay z 010yy
106    @ar
200 10 @a商务印书馆九十年@Ashang wu yin shu guan jiu shi nian@e我和商务印书馆@e1897~1987@f蔡元培等著
210    @a北京@c商务印书馆@d1987
215    @a639页@d20cm
517 1  @a我和商务印书馆@Awo he shang wu yin shu guan
601 02 @a商务印书馆@x纪念文集
606    @a出版社@x文集@y中国
690    @aG239.22@v3
701  0 @a蔡元培@Acai yuan pei@4著
701  0 @a蒋维乔@Ajiang wei qiao@4著
701  0 @a庄俞@Azhuang yu@4著
801  0 @aCN@b深圳图书馆@c20040427
801  2 @aCN@bNLC@c20040427
905    @f2@b217985-986@dG239.22@e15
    
    商务印书馆九十年:我和商务印书馆:1897~1987/蔡元培等著.-北京:商务印书馆,1987
    639页;20cm
    
    
    ISBN :CNY4.15
    
●
相关链接 在E读中查询图书 在五车中查询图书 在当当中查询图书 在豆瓣中查询图书


正题名:商务印书馆九十年     索取号:G239.22/15         预约/预借

序号 登录号 条形码 馆藏地/架位号 状态 备注
1 0217985   000498232   密集书库/ [索取号:G239.22/15] 在馆    
2 0217986   000498241   密集书库/ [索取号:G239.22/15] 在馆    
3 0217987   000497297   第一样本阅览室/ [索取号:G239.22/15] 在馆    
唐山师范学院图书馆 欢迎您!
大连网信软件有限公司© 版权所有